000 01468nam a2200373 i 4500
003 CO-BoRNBP
005 20230117153542.0
007 ta
008 211102s2021 ck ||er ||| 00| 0dspa d
020 _a9789589954997
040 _aCO-BoRNBP
_bspa
_erda
_cCO-MqBPB
041 1 _aspa
_hger
082 0 4 _a152.4
_bG78f
100 1 _aGrün, Anselm
_d1945-
_eautor
_9199170
245 1 3 _aLa fuerza transformadora de los sentimientos negativos
_cAnselm Grün, Bernd Deininger ; traducción Sergio Pawlowsky
250 _aEdición especial
264 1 _aBogotá. Colombia
_bEdiciones Gaviota
_bEdiciones Obelisco
_c2021
300 _a157 páginas
_c24 cm
336 _atexto
_btxt
_2rdacontent
337 _asin mediación
_bn
_2rdamedia
338 _avolumen
_bnc
_2rdacarrier
490 0 _aPlan Nacional de Lectura y Escritura Leer es mi Cuento / Ministerio de Cultura
490 0 _aColección Psicología
504 _aIncluye referencias bibliográficas
521 _aRecomendado para un público adulto
534 _tVon der verwandelnden Kraft negativer Gefühle
650 1 7 _aEmociones
_xAspectos psicológicos
_2LEMB
_9165503
650 1 7 _aActitud (Psicología)
_xAspectos morales y éticos
_2LEMB
_9197196
650 1 7 _aPecado
_xAspectos psicológicos
_2LEMB
_9197197
650 1 7 _aTemperamento
_xAspectos psicológicos
_2LEMB
_9197198
700 1 _aDeininger, Bernd
_d1946-
_eautor
_9199171
700 1 _aPawlowsky, Sergio
_etraductor
_9199172
942 _2ddc
_cBK
999 _c14748
_d14748